| 000 | 00373pab a2200157 454500 | ||
|---|---|---|---|
| 008 | 180718b2011 xxu||||| |||| 00| 0 eng d | ||
| 100 | _aSharma, Supriya | ||
| 245 | _aCrisis for Dantewada's schoolchildren | ||
| 260 | _c2011 | ||
| 300 | _ap.13-14. | ||
| 362 | _a8 Oct | ||
| 650 | _aTerrorism | ||
| 773 | _aEconomic and Political Weekly | ||
| 908 | _aN | ||
| 909 | _a94033 | ||
| 999 |
_c94033 _d94033 |
||